000 00320nam a2200133 i 4500
001 bg
100 1 _aTERECHOV, A. A.
245 0 _aRemont cholodilnikov absorbcionnogo tipa /
_cA.A. Terechov.
260 _aMoskva,
_c1973.
040 _cBPK
041 _apol
942 _cKS
008 s pl f |000 0 pol
999 _c26798
_d26798
856 _uhttp://koha.tu.koszalin.pl/cgi-bin/koha/opac-detail.pl?biblionumber=26798
_yKatalog online BPK